书目信息 |
| 题名: |
中国文学家辞典
|
|
| 作者: | 《中国文学家辞典》编委会编 | |
| 分册: | 第三分册 | |
| 出版信息: | 成都 四川文艺出版社 1985 |
|
| 页数: | 626页 | |
| 开本: | 19cm | |
| 丛书名: | ||
| 单 册: | ||
| 中图分类: | K82-61 | |
| 科图分类: | ||
| 主题词: | 作家--中国--现代--词典 | |
| 电子资源: | ||
| ISBN: | ||
| 000 | 00599nam0 2200217 45 | |
| 001 | 0185004357 | |
| 005 | 20070731160243.68 | |
| 010 | @dCNY3.35 | |
| 091 | @aCN@b10374.69 | |
| 100 | @a19901106d1985 emky0chiy0121 ea | |
| 101 | 0 | @achi |
| 102 | @aCN@b510000 | |
| 105 | @ay g 000yd | |
| 200 | 10 | @a中国文学家辞典@Azhong guo wen xue jia ci dian@e现代@h第三分册@f《中国文学家辞典》编委会编 |
| 210 | @a成都@c四川文艺出版社@d1985 | |
| 215 | @a626页@d19cm | |
| 606 | @a作家@y中国@z现代@x词典 | |
| 690 | @aK82-61@v3 | |
| 801 | 2 | @aCN@bNLC@c20070731 |
| 801 | 0 | @aCN@bTSSF |
| 905 | @a10447@dK82-61@e11:3 | |
| 中国文学家辞典:现代.第三分册/《中国文学家辞典》编委会编.-成都:四川文艺出版社,1985 |
| 626页;19cm |
| ISBN :CNY3.35 |
| ● |
| 相关链接 |
|
|
|
|
正题名:中国文学家辞典
索取号:K82-61/11:3
 
预约/预借
| 序号 | 登录号 | 条形码 | 馆藏地/架位号 | 状态 | 备注 |
| 1 | 0790184 | 207901840 | 密集书库/ [索取号:K82-61/11:3] | 在馆 | |
| 2 | 0790185 | 207901859 | 第二样本阅览室/ [索取号:K82-61/11:3] | 在馆 |